Build, innovate and grow : my vision for our country (Record no. 27840)

MARC details
000 -LEADER
fixed length control field 00579nam a2200193Ia 4500
020 ## - INTERNATIONAL STANDARD BOOK NUMBER
ISBN 9789785562088
050 ## - CALL MARK
Classification number DT 515.846 .M64/
100 ## - STATEMENT OF RESPONSIBILITY--MAIN AUTHOR NAME
Personal name Moghalu, Kingsley
245 #0 - TITLE STATEMENT
Title Build, innovate and grow : my vision for our country
250 ## - EDITION / VOLUME STATEMENT
Edition / Volume statement 2nd ed.
260 ## - PUBLICATION, DISTRIBUTION, ETC. (IMPRINT)
Place of publication Ibadan, Nigeria
260 ## - PUBLICATION, DISTRIBUTION, ETC. (IMPRINT)
Name of publisher Bookcraft
260 ## - PUBLICATION, DISTRIBUTION, ETC. (IMPRINT)
Year of publication 2019
300 ## - PHYSICAL DESCRIPTION
Number of Pages 301 p
650 ## - SUBJECT ADDED ENTRY--TOPICAL TERM
Topical Term National characteristics, Nigerian. Economic development--Nigeria. Nigeria--Politics and government--21st century.
942 ## - ADDED ENTRY ELEMENTS (KOHA)
Koha item type Books
Holdings
Withdrawn status Lost status Source of classification or shelving scheme Damaged status Not for loan Permanent Location Current Location Date acquired Accession Number Price effective from Koha item type
    Library of Congress Classification     NILE UNIVERSITY OF NIGERIA - MAIN LIBRARY NILE UNIVERSITY OF NIGERIA - MAIN LIBRARY 04/23/2025 0195897 04/23/2025 Books